000 00454cam a2200181ua 4500
001 3646
008 111222n ii |||gr||||Z||||||eng
040 _cMAIN
082 _a330.015195
100 _aMittal, Namita,
245 1 1 _aNumericals in economics
_cby Namita Mittal
250 _a1st.
260 _aDibrugarh:
_bTushar Publishing house,
_c2010.
300 _a141p:
_c23cm.
653 _aEconomics
653 _aNumericals in economics
942 _cBK
999 _c3486
_d3486